| 000 | 00450nam a22001817a 4500 | ||
|---|---|---|---|
| 005 | 20250619095258.0 | ||
| 008 | 250619b |||||||| |||| 00| 0 eng d | ||
| 020 |
_a9780571229758 _qpbk |
||
| 041 | _aeng | ||
| 082 | _a823.92 KIL | ||
| 100 | _aKilroy Claire | ||
| 245 |
_aTenderwire _c/ Claire Kilroy |
||
| 250 | _a1st ed | ||
| 260 |
_aLondon _bFaber and faber _c2007 |
||
| 300 |
_a269p. : _c21cm |
||
| 650 | _aEnglish fiction | ||
| 942 | _cENGLISH | ||
| 999 |
_c572780 _d572780 |
||